• 首页
  • 本馆介绍
  • 公告通知
  • 最新文献
  • 馆藏检索
  • 电子资源
  • 读者导购
  • 参考咨询
  • 我的图书馆
  • 登录
  • 详细信息显示
  • 放入我的书架
  • 预约/预借图书
  • 作者相关作品
  • 分类相关作品
  • 丛书相关作品
  • 出版社相关作品

书目信息

  • 表格格式
  • 工作单格式
  • 卡片格式
书名: Coding and information theory
作者: R. W. Hamming.
分册号:
分册名:
出版地: Englewood Cliffs, N.J. :
 
出版社: Prentice-Hall
出版时间: c1980.
页数: xii, 239 p. :
开本: 24 cm.
丛书名:
中图分类号:
科图分类号:
其他分类号: TN911.21
主题词:
电子资源:
000 00901nam 2200289 a 4500
001 E0754386166
005 20070728145742.78
008 00110 eng
008 uu
010    @a79015159 //r84
020    @a0131391399 :@cCNY19.95.
049    @aN5LA
050 0  @aQA268 @b.H35 1980
082    @a519.4
090    @a2/O157.4/HRW///////*919592-3/
090    @aTN911.21
096    @aO157.4 @v2
099    @dTN911.21@ex3
100 10 @aHamming, R. W. @q(Richard Wesley), @d1915-
245 10 @aCoding and information theory / @cR. W. Hamming.
260 0  @aEnglewood Cliffs, N.J. :@bPrentice-Hall,@cc1980.
300    @axii, 239 p. :@bill. ;@c24 cm.
500    @aIncludes index.
504    @aBibliography: p. 233-234.
650  0 @aInformation theory. @b00 @c20020930 @lNLC09 @h2248 @lNLC09 @h2317 @lNLC09 @h1909
650  0 @aCoding theory.
852 9  @bWWJC @cJ08S @k2 @hO157.4 @iHRW
    
    Coding and information theory / / R. W. Hamming.-Englewood Cliffs, N.J. : : Prentice-Hall, , c1980.
    xii, 239 p. : : ill. ; ; 24 cm.
    Includes index.-Bibliography: p. 233-234.
    
    ISBN 0131391399 :CNY19.95.
    
●
相关链接 在E读中查询图书 在五车中查询图书 在当当中查询图书 在豆瓣中查询图书


正题名:Coding and information theory     索取号:TN911.21/x3         预约/预借

序号 登录号 条形码 馆藏地/架位号 状态 备注
1 0000037   300000371   第四借阅区/ [索取号:TN911.21/x3] 在馆    
2 13981   300139810   密集书库/ [索取号:TN911.21/x3] 在馆    
唐山师范学院图书馆 欢迎您!
大连网信软件有限公司© 版权所有